| 000 | 00813nam a2200241 a 4500 | ||
|---|---|---|---|
| 001 | 000047357 | ||
| 003 | DO-SdBNP | ||
| 005 | 20240314073720.0 | ||
| 007 | ta | ||
| 008 | 110128s2009 dr 001 0dspa d | ||
| 040 |
_aDO-SdBNP _bspa _cBNPHU |
||
| 082 |
_a923.27293 _bD812n _222 |
||
| 100 | 1 |
_aPichardo Cruz, Daniel Nicanor _973458 |
|
| 245 | 1 | 0 |
_aNacimiento y bautismo de Juan Pablo Duarte, fundador de la República / _cDaniel Nicanor Pichardo Cruz. |
| 260 |
_aSanto Domingo : _bInstituto Duartiano, _c2009. |
||
| 300 |
_a11 p. ; _c21 cm. |
||
| 490 | 1 |
_aCartilla Duartiana _alectura de la patria |
|
| 500 | _aIncluye referencias bibliográficas y notas al pie de las páginas | ||
| 590 | _aInventariado, 2018 /VM | ||
| 600 | 1 | 0 |
_aDuarte, Juan Pablo, _d1813-1876 _91494 |
| 910 | _aVM | ||
| 942 |
_2ddc _cLF2 |
||
| 999 |
_c46845 _d46845 |
||